000 00419nam a22001697a 4500
003 MPLRDC
005 20220104142923.0
008 210129b ||||| |||| 00| 0 eng d
082 _a855 LXW-2
100 _a刘心武著
245 _a同文学青年对话
_c
250 _a一版一刷
260 _a
_b文化艺术出版社
_c1983
300 _b
650 _a散文;随笔、日记
942 _cBK
_o855 LXW-2
999 _c34898
_d34888